Giáo trình chăn nuôi Dùng cho học sinh khoa sinh trường đại học sư phạm hệ 4 năm

Enregistré dans:
Détails bibliographiques
Collectivité auteur: Bộ giáo dục
Format: Livre
Langue:Vietnamese
Publié: H. Giáo dục 1976
Collection:Bộ giáo dục
Sujets:
Tags: Ajouter un tag
Pas de tags, Soyez le premier à ajouter un tag!
Thư viện lưu trữ: Mạng thư viện Đại học Đà Nẵng
LEADER 01044nam a2200313 4500
001 000009197
003 5392
005 20111025101025.0
008 111025s1976 viesd
041 0 |a vie 
082 |a 636  |b Gia 
110 |a Bộ giáo dục 
245 0 |a Giáo trình chăn nuôi  |b Dùng cho học sinh khoa sinh trường đại học sư phạm hệ 4 năm 
260 |a H.  |b Giáo dục  |c 1976 
300 |a 191tr.  |b Hình vẽ . hình ảnh  |c 27 cm 
490 |a Bộ giáo dục 
653 |a Giáo trình 
653 |a Chăn nuôi 
910 |a Đỗ Phú Quý  |d 25/10/2011 
OWN |a LSP 
AVA |a UDN50  |b LSP  |d 636 Gia  |e available  |t Error 5001 Not defined in file expand_doc_bib_avail.  |f 3  |g 1  |h N  |i 3  |k 1 
999 |a From the UDN01 
AVA |a UDN50  |b LSP  |d 636 Gia  |e available  |t Error 5001 Not defined in file expand_doc_bib_avail.  |f 3  |g 1  |h N  |i 3  |k 1 
TYP |a Monograph 
TYP |a Printed language 
980 |a Mạng thư viện Đại học Đà Nẵng